| 000 | 02294nam a2200265Ia 4500 | ||
|---|---|---|---|
| 003 | AR-RoIUNI | ||
| 005 | 20210317101747.0 | ||
| 008 | 150616s2014 ag r 000 0 spa d | ||
| 020 | _a9789877020359 | ||
| 040 | _cIUNIR | ||
| 080 | _a331 | ||
| 245 | 0 | 0 |
_aTransformaciones en las organizaciones del trabajo. _nTomo II : _bsalud y ampliación de la cuidadanía / _ccompiladores Victor F. Quiroga, María Romina Cattaneo. |
| 260 |
_aRosario : _bUNR editora, _c2014. |
||
| 300 |
_a289 p. ; _c30 cm |
||
| 500 | _aEn cubierta: Red iberoaméricana de psicología de las organizaciones y del trabajo. (RIPOT) | ||
| 505 | 2 |
_tLos procesos temporales en las organizaciones del trabajo: validación y utilidad aplicada de la escala de consideración de las consecuencias futuras / _rMartín Ana, Ortuño Victor E. C., Vázquez Echeverría Alejandro -- _tEstudo realizado sobre qualidade de vida no trabalho na empresa Resicolor Tintas / _rOliveira Batiste Aline, ... [et al.] -- _tReaprendizaje de la afectividad para prevenir la violencia. Una perspectiva biocéntrica / _rPerlo, Claudia Liliana , López Romorini, María Verónica -- _tLa cultura organizacional como factor para el desarrollo organizacional en micros, pequeñas y medianas empresas dl sur de Jalisco. México / _rRamírez Lira, Ezequiel , ... [et al.] -- _tBases do comprometimento de trabalhadores de uma organizaçao do terceiro setor em Florianópolis / _rRiggenbach, Deborah , Zinder, Ramiro , Muniz Póvoas, Daniele -- _tConstruyendo nuevas miradas sobre la discapacidad / _rSánchez, María Elisa -- _tMelhorias à saúde dos trabalhadores advindas da práctica de yoga no trabalho: experiência da Petrobras Distribuidora S.A.: em Santa Catarina / _rSilveira Martins, Fabiane, ... [et al.] -- _tPerspectivas epistemológicas em gestao de pessoas para o combate e prevençao ao assédio moralno trabalho / _rSoares Cugnier, Joana , da Rosa Tolfo, Suzana -- _tLa estacionalidad en una organización de servicios: perspectivas desde el modelo psicológico de análisis organizacional / _rWittke, Tommy. |
|
| 650 | 4 |
_aPSICOLOGÍA _9108 |
|
| 650 | 4 | _aPSICOLOGÍA DEL TRABAJO | |
| 650 | 4 | _aORGANIZACIONES | |
| 650 | 4 | _aTRABAJO | |
| 700 | 1 | _aQuiroga, Victor F. | |
| 700 | 1 | _aCattaneo, María Romina. | |
| 710 | 2 | _aRIPOT | |
| 942 |
_cBK _2cdu |
||
| 999 |
_c2116 _d2116 |
||